000
00200nam a22000857a 4500
008
161119b xxu||||| |||| 00| 0 eng d
100
_9
1285
_a
CCE
245
_a
CCE. English-X
260
_a
New Delhi
_b
CCE
_c
2011
999
_c
3989
_d
3989